Cristobal colón y el descubrimiento de américa /
Guardado en:
| Autor Principal: | |
|---|---|
| Formato: | Libro |
| Publicado: |
España :
Hernando,
1892
|
| Materias: | |
| Etiquetas: |
Agregar Etiqueta
Sin Etiquetas, Sea el primero en etiquetar este registro!
|
| LEADER | 00630nam a22001935a 4500 | ||
|---|---|---|---|
| 001 | CEM.cems003334 | ||
| 005 | 19000101000000.0 | ||
| 008 | 130507s1892##################000#0#####d | ||
| 003 | CEMS | ||
| 082 | 0 | 4 | |a 980.02 |
| 100 | 1 | |a Humboldt, Alejandro de | |
| 245 | 1 | 0 | |a Cristobal colón y el descubrimiento de américa / |c Alejandro de Humboldt |
| 260 | |a España : |b Hernando, |c 1892 | ||
| 300 | |a 2 v. | ||
| 653 | |a America-descubrimiento | ||
| 653 | |a Colon cristobal-biografia | ||
| 653 | |a Historia | ||
| 859 | |a CEMS |b BIB. CEMS - 11 de abril |h 980.02 |i H881/I |p 10064.81 |t Ej.2 | ||
| 859 | |a CEMS |b BIB. CEMS - 11 de abril |h 980.02 |i H881/I |p 10065.81 |t Ej.1 | ||
